| 000 | 00466nam a2200169 a 4500 | ||
|---|---|---|---|
| 005 | 20140412111315.0 | ||
| 008 | 010309s19uu xx 00 eng d | ||
| 020 | _a0-7214-3822-9 | ||
| 050 |
_aER _bLa12 1996 |
||
| 245 | _aLady and the tramp. | ||
| 260 |
_aLeicestershire, UK : _bLadybird Books Ltd, _c1996. |
||
| 300 | _a1 v. (unp.) ; ill. | ||
| 440 | _aDisney's | ||
| 650 | _aDogs stories -- Fiction | ||
| 650 | _aChildrens stories - Fiction | ||
| 999 |
_c104184 _d104184 |
||